banner koha

Pesquisas sobre leguminosas no Instituto Agronômico e sua contribuição para o desenvolvimento agrícola paulista (Registro n. 224394)

MARC details
000 -LÍDER
campo de controle de tamanho fixo 00978nas a2200325 4500
001 - NÚMERO DE CONTROLE
campo de controle BR2012009192
003 - IDENTIFICADOR DO NÚMERO DE CONTROLE
campo de controle BR-BrBNA
005 - DATA E HORÁRIO DA ÚLTIMA TRANSAÇÃO
campo de controle 20231205121620.0
007 - CAMPO FIXO DE DESCRIÇÃO FÍSICA--INFORMAÇÃO GERAL
campo de controle de tamanho fixo ta
008 - CAMPO DE DADOS FIXOS--INFORMAÇÃO GERAL
campo de controle de tamanho fixo 230509b bl.|||p| |||| 00| 00por d
040 ## - FONTE DA CATALOGAÇÃO
Instituição da catalogação original BR-BrBNA
Idioma da catalogação por
Instituição que transcreveu o registro Biblioteca Nacional de Agricultura
041 ## - CÓDIGO DE IDIOMA
Código do idioma do texto/trilha sonora ou título diferente (Pt)
072 ## - CÓDIGO DE CATEGORIA DE ASSUNTO
Código de Categoria de Assunto A50; F04
100 1# - ENTRADA PRINCIPAL--NOME PESSOAL
Nome pessoal Wutke, E.B.
100 1# - ENTRADA PRINCIPAL--NOME PESSOAL
Nome pessoal Mascarenhas, H.A.A.
100 1# - ENTRADA PRINCIPAL--NOME PESSOAL
Nome pessoal Braga, N.R.
100 1# - ENTRADA PRINCIPAL--NOME PESSOAL
Nome pessoal Tanaka, R.T.
100 1# - ENTRADA PRINCIPAL--NOME PESSOAL
Nome pessoal Miranda, M.A.C. de
100 1# - ENTRADA PRINCIPAL--NOME PESSOAL
Nome pessoal Pompeu, A.S.
100 1# - ENTRADA PRINCIPAL--NOME PESSOAL
Nome pessoal Ambrosano, E.J.
245 1# - TÍTULO
Título Pesquisas sobre leguminosas no Instituto Agronômico e sua contribuição para o desenvolvimento agrícola paulista
650 ## - ASSUNTO--TERMO TÓPICO
Cabeçalho tópico ou nome geográfico PESQUISA AGRÍCOLA
650 ## - ASSUNTO--TERMO TÓPICO
Cabeçalho tópico ou nome geográfico LEGUMINOSA
650 ## - ASSUNTO--TERMO TÓPICO
Cabeçalho tópico ou nome geográfico ADUBO VERDE
650 ## - ASSUNTO--TERMO TÓPICO
Cabeçalho tópico ou nome geográfico SOLO
650 ## - ASSUNTO--TERMO TÓPICO
Cabeçalho tópico ou nome geográfico VARIEDADE RESISTENTE
773 0# - ENTRADA ANALÍTICA
Título O Agronômico (Brazil)
ISSN - International Standard Serial Number ISSN 0365-2726
Partes relacionadas (2001), v. 53(1) p. 34-37
Número de controle do registro BR2012009192
909 ## -
-- 202311
-- Lúcia
-- 55
-- Lúcia Elande
942 ## - ELEMENTOS DE ENTRADA ADICIONADOS (KOHA)
Fonte da classificação ou esquema de arquivamento na estante Classificação AGRIS
Ocultar no OPAC Não
Tipo de material Koha Analítica
Exemplares
Situação do descarte Fonte da classificação ou esquema de arquivamento na estante Situação física Não pode ser emprestado Biblioteca de origem Biblioteca atual Localização na estante Enumeração do periódico / cronologia Total de empréstimos Data de último acesso Número do exemplar Tipo de material Koha Fonte de aquisição
  Classificação AGRIS   Consulta local Biblioteca Nacional de Agricultura - Binagri Biblioteca Nacional de Agricultura - Binagri   (2001), v. 53(1) p. 34-37   29/11/2023 01 Periódicos Portaria Interministerial nº 164/94

BINAGRI

Telefone: (61)3218-2567/2388/3357/2097 - binagri@agro.gov.br

Ministério da Agricultura e Pecuária , Esplanada dos Ministérios, Bloco D, Anexo B, Brasília/DF, CEP: 70.043-900